000
00258nam a2200109Ia 4500
008
190216s9999||||xx |||||||||||||| ||und||
100
_a
Jaiswal.J.N
245
0
_a
Comperhensive Bank Of
260
_b
Laxmi Publication Ltd
_c
2004
300
_a
787
942
_c
REF
999
_c
36715
_d
36715